000 002870000a22000970004500
100 1 _aRoxburgh, Kenneth B.E.
245 1 0 _aSpirituality for the twenty-first century
300 _aVol. 17, Num. 2 (1999), Páginas 129-144
773 0 _tScottish Bulletin of Evangelical Theology
942 _cANA
999 _c55756
_d55756